Dance Moms Solos - Statistics

General Stats
  • This quiz has been taken 1,461 times
  • The average score is 9 of 11
Answer Stats
Hint Answer % Correct
Birthday Maddie
99%
Lemonade Mackenzie
98%
Now is My Time Brooke
96%
I Wanna Dance Paige
96%
Trouble Chloe
95%
A Hundred Years from Now Nia
95%
Under My Spell Kendall
89%
The Flamingo Asia
76%
My New Reality Sophia
54%
Eternally Payton
47%
Forever and a Day Ally
24%
No matching quizzes found
Score Distribution
Percent of People with Each Score
Percentile by Number Answered
Your Score History
You have not taken this quiz